| Tag |
First Indicator |
Second Indicator |
Subfields |
| LEADER |
00000cam a2200000 4500 |
| 001 |
in00000034962 |
| 005 |
20151007063453.0 |
| 008 |
770701m19539999enkach b 00000 eng |
| 010 |
|
|
|a 54000076
|
| 035 |
|
|
|a (OCoLC)03087146
|
| 035 |
|
|
|9 AAD7479AM
|
| 040 |
|
|
|a DLC
|c AKC
|d TXA
|d UtOrBLW
|
| 049 |
|
|
|a TXAM
|v 1 [232687]
|v 2 [246956]
|
| 050 |
0 |
0 |
|a PR83
|b .W35
|
| 092 |
|
|
|a 820.9
|b W256i
|
| 100 |
1 |
|
|a Ward, A. C.
|q (Alfred Charles),
|d 1891-
|
| 245 |
1 |
0 |
|a Illustrated history of English literature /
|c Illus. collected by Elizabeth Williams.
|
| 264 |
|
1 |
|a London,
|a New York :
|b Longmans, Green,
|c [1953-]
|
| 300 |
|
|
|a volumes :
|b illustrations, portraits, facsimiles ;
|c 23 cm.
|
| 336 |
|
|
|a text
|b txt
|2 rdacontent
|
| 337 |
|
|
|a unmediated
|b n
|2 rdamedia
|
| 338 |
|
|
|a volume
|b nc
|2 rdacarrier
|
| 504 |
|
|
|a Bibliographical footnotes. "Descriptive notes to the illustrations": volume 1, pages 217]-232.
|
| 505 |
0 |
|
|a v. 1. Chaucer to Shakespeare.
|
| 650 |
|
0 |
|a English literature
|x History and criticism.
|
| 999 |
|
|
|a MARS
|
| 999 |
f |
f |
|s ad36bb89-4633-3f75-b80d-2c4d418feea3
|i 1486f91e-02af-3978-bd3f-4b68142aa90f
|t 0
|
| 952 |
f |
f |
|p ric
|a Texas A&M University
|b Rellis Campus
|c Joint Library Facility
|d Remote Storage
|t 0
|e PR83 .W35
|h Library of Congress classification
|i unmediated -- volume
|k v.2
|m A14801274057
|
| 952 |
f |
f |
|p ric
|a Texas A&M University
|b Rellis Campus
|c Joint Library Facility
|d Remote Storage
|t 0
|e PR83 .W35
|h Library of Congress classification
|i unmediated -- volume
|k v.1
|m A14801274049
|
| 998 |
f |
f |
|a PR83 .W35
|s v .1-v.2
|t 0
|l Remote Storage
|